|
|
|
|
| LEADER |
02904nam a22005895i 4500 |
| 001 |
978-3-540-25930-5 |
| 003 |
DE-He213 |
| 005 |
20151204183047.0 |
| 007 |
cr nn 008mamaa |
| 008 |
121227s2004 gw | s |||| 0|eng d |
| 020 |
|
|
|a 9783540259305
|9 978-3-540-25930-5
|
| 024 |
7 |
|
|a 10.1007/b97772
|2 doi
|
| 040 |
|
|
|d GrThAP
|
| 050 |
|
4 |
|a QA76.6-76.66
|
| 072 |
|
7 |
|a UM
|2 bicssc
|
| 072 |
|
7 |
|a COM051000
|2 bisacsh
|
| 082 |
0 |
4 |
|a 005.11
|2 23
|
| 245 |
1 |
0 |
|a Objects, Agents, and Features
|h [electronic resource] :
|b International Seminar, Dagstuhl Castle, Germany, February 16-21, 2003, Revised and Invited Papers /
|c edited by Mark D. Ryan, John-Jules Ch. Meyer, Hans-Dieter Ehrich.
|
| 264 |
|
1 |
|a Berlin, Heidelberg :
|b Springer Berlin Heidelberg,
|c 2004.
|
| 300 |
|
|
|a VIII, 232 p.
|b online resource.
|
| 336 |
|
|
|a text
|b txt
|2 rdacontent
|
| 337 |
|
|
|a computer
|b c
|2 rdamedia
|
| 338 |
|
|
|a online resource
|b cr
|2 rdacarrier
|
| 347 |
|
|
|a text file
|b PDF
|2 rda
|
| 490 |
1 |
|
|a Lecture Notes in Computer Science,
|x 0302-9743 ;
|v 2975
|
| 505 |
0 |
|
|a Objects, Agents, and Features: An Introduction -- Coordinating Agents in OO -- On Feature Orientation and on Requirements Encapsulation Using Families of Requirements -- Detecting Feature Interactions: How Many Components Do We Need? -- Software Evolution through Dynamic Adaptation of Its OO Design -- Modelling and Analysis of Agents’ Goal-Driven Behavior Using Graph Transformation -- Giving Life to Agent Interactions -- Organising Computation through Dynamic Grouping -- Adding Features to Component-Based Systems -- Components, Features, and Agents in the ABC -- Towards a Formal Specification for the AgentComponent -- Policies: Giving Users Control over Calls -- Agents and Coordination Artifacts for Feature Engineering.
|
| 650 |
|
0 |
|a Computer science.
|
| 650 |
|
0 |
|a Computer communication systems.
|
| 650 |
|
0 |
|a Computer programming.
|
| 650 |
|
0 |
|a Software engineering.
|
| 650 |
|
0 |
|a Programming languages (Electronic computers).
|
| 650 |
|
0 |
|a Computer logic.
|
| 650 |
|
0 |
|a Artificial intelligence.
|
| 650 |
1 |
4 |
|a Computer Science.
|
| 650 |
2 |
4 |
|a Programming Techniques.
|
| 650 |
2 |
4 |
|a Software Engineering.
|
| 650 |
2 |
4 |
|a Computer Communication Networks.
|
| 650 |
2 |
4 |
|a Programming Languages, Compilers, Interpreters.
|
| 650 |
2 |
4 |
|a Logics and Meanings of Programs.
|
| 650 |
2 |
4 |
|a Artificial Intelligence (incl. Robotics).
|
| 700 |
1 |
|
|a Ryan, Mark D.
|e editor.
|
| 700 |
1 |
|
|a Meyer, John-Jules Ch.
|e editor.
|
| 700 |
1 |
|
|a Ehrich, Hans-Dieter.
|e editor.
|
| 710 |
2 |
|
|a SpringerLink (Online service)
|
| 773 |
0 |
|
|t Springer eBooks
|
| 776 |
0 |
8 |
|i Printed edition:
|z 9783540219897
|
| 830 |
|
0 |
|a Lecture Notes in Computer Science,
|x 0302-9743 ;
|v 2975
|
| 856 |
4 |
0 |
|u http://dx.doi.org/10.1007/b97772
|z Full Text via HEAL-Link
|
| 912 |
|
|
|a ZDB-2-SCS
|
| 912 |
|
|
|a ZDB-2-LNC
|
| 912 |
|
|
|a ZDB-2-BAE
|
| 950 |
|
|
|a Computer Science (Springer-11645)
|